Kerala's Economic Development: (Record no. 198281)

MARC details
000 -LEADER
fixed length control field 00759nam a22002057a 4500
005 - DATE AND TIME OF LATEST TRANSACTION
control field 20230918141250.0
010 ## - LCCN (DPL NO)
LC control number ENG-138094
020 ## - INTERNATIONAL STANDARD BOOK NUMBER
International Standard Book Number 9789357053143
Terms of availability 550.00
035 ## - SYSTEM CONTROL NUMBER
System control number EN-121626
037 ## - SOURCE OF ACQUISITION
Source of stock number/acquisition DBAD/PUB
082 ## - DEWEY DECIMAL CLASSIFICATION NUMBER
Classification number 330.19
Edition number First
100 ## - MAIN ENTRY--PERSONAL NAME
Personal name Prakash, B.A
245 ## - TITLE STATEMENT
Title Kerala's Economic Development:
Remainder of title Covid-19 Pandemic, Economic Crisis and Public Policy/
Statement of responsibility, etc By B.A Prakash and Jerry Alwin
250 ## - EDITION STATEMENT
Edition statement First
260 ## - PUBLICATION, DISTRIBUTION, ETC. (IMPRINT)
Place of publication, distribution, etc Uttar Pradesh
Name of publisher, distributor, etc Pearson India Education Services Pvt. Ltd.
Date of publication, distribution, etc 2023
270 ## - ADDRESS
Address 1st Floor, Berger Tower, Plot No. C-001A/2, Sector 16B
City Noida (Uttar Pradesh)
Postal code 201301
300 ## - PHYSICAL DESCRIPTION
Extent 408p.
Dimensions 23cm(pbk)
Other physical details Index
700 ## - ADDED ENTRY--PERSONAL NAME
Personal name Alwin, Jerry
Relator term Author
9 (RLIN) 56823
942 ## - ADDED ENTRY ELEMENTS (KOHA)
Source of classification or shelving scheme Dewey Decimal Classification
Item type English Books
Classification part 330.19
Call number suffix PRA
Edition First
Holdings
Withdrawn status Lost status Not for loan Collection code Home library Current library Date acquired Source of acquisition Cost, normal purchase price Full call number Barcode Copy number Cost, replacement price Koha item type
      Non-fiction Sarojini Nagar Sarojini Nagar 18/09/2023 DBAD/PUB 550.00 330.19 PRA EN-121626 1 550.00 English Books

© Delhi Public Library
Hit Counter
free hit counter